000 00354nam a2200145Ia 4500
005 20251222143258.0
008 251222s9999||||xx |||||||||||||| ||spa||
020 _a8470502379
082 _a232.4/D66
100 _aDi Mascio Lorenzoni, Anna Lisa
245 0 _aLa Crucifixión de Jesús
250 _a1ra. ed.
264 _bEdicep C.B.
942 _cLIB
999 _c15235
_d15235